| 000 | 00595nam a2200169 i 4500 | ||
|---|---|---|---|
| 001 | 147790 | ||
| 003 | ES-MaACL | ||
| 005 | 20230906202245.0 | ||
| 007 | t| | ||
| 008 | 071005s1935 sp ||||1| spa d | ||
| 100 | 1 |
_aUsón Sesé, Mariano. _9112312 |
|
| 245 | 1 | 3 |
_aEl libro gótico o cartulario de San Juan de la Peña / _cexamen del manuscrito por Mariano Usón Sesé ; índice de sus documentos por Angel Canellas López. |
| 260 |
_aZaragoza : _bTip. La Académica, _c1935. |
||
| 300 |
_a56 p. : _bil. ; _c24 cm. |
||
| 700 | 1 |
_aCanellas López, Angel. _934480 |
|
| 852 |
_aES-MaACL _j1806-F-2 |
||
| 999 |
_c147790 _d147790 |
||